[Event "Aalborg Larsen Memorial"]
[Site "Aalborg"]
[Date "2014.10.13"]
[Round "1"]
[White "Pritchett, Craig William"]
[Black "Willumsen, Henrik"]
[Result "1-0"]
[WhiteElo "2315"]
[BlackElo "2026"]
[PlyCount "52"]
[EventDate "2014.10.13"]
[EventType "swiss"]
[EventRounds "7"]
[EventCountry "DEN"]
[SourceTitle "EXT 2015"]
[Source "ChessBase"]
[SourceDate "2014.11.20"]
[SourceVersion "1"]
[SourceVersionDate "2014.11.20"]
[SourceQuality "1"]

1. Nf3 Nf6 2. c4 g6 3. Nc3 Bg7 4. e4 d6 5. d4 0-0 6. Be2 e5 7. Be3 Nbd7 8. 0-0 c6 9. d5 Qe7 10. Ne1 Nc5 11. Bf3 cxd5 12. cxd5 Bd7 13. b4 Na6 14. Nd3 Rac8 15. Rc1 Rc4 16. b5 Nb4 17. Nb2 Rd4 18. Bxd4 exd4 19. Qxd4 Ng4 20. Qxb4 Nxh2 21. Kxh2 Qh4+ 22. Kg1 Be5 23. Rfe1 Rc8 24. Nd3 Qh2+ 25. Kf1 Bh3 26. Nxe5 Ra8 1-0

[Event "DEN-chT 1314 52nd"]
[Site "Denmark"]
[Date "2014.01.26"]
[Round "6.8"]
[White "Seegert, Kristian"]
[Black "Willumsen, Henrik"]
[Result "0-1"]
[WhiteElo "2154"]
[BlackElo "2055"]
[PlyCount "44"]
[EventDate "2013.11.02"]
[EventType "team-tourn"]
[EventRounds "9"]
[EventCountry "DEN"]
[SourceTitle "EXT 2015"]
[Source "ChessBase"]
[SourceDate "2014.11.20"]
[SourceVersion "1"]
[SourceVersionDate "2014.11.20"]
[SourceQuality "1"]
[WhiteTeam "Nordea"]
[BlackTeam "Norresundby"]
[WhiteTeamCountry "DEN"]
[BlackTeamCountry "DEN"]

1. e4 c5 2. Nf3 d6 3. d4 cxd4 4. Nxd4 Nf6 5. Nc3 g6 6. Be3 Bg7 7. f3 0-0 8. Qd2 Nc6 9. Bc4 Bd7 10. Bb3 a5 11. 0-0-0 a4 12. Nxc6 bxc6 13. Nxa4 c5 14. Nxc5 dxc5 15. e5 Qb8 16. exf6 Bxf6 17. Qxd7 c4 18. Qd5 cxb3 19. Qxb3 Qc7 20. Bd2 Rfb8 21. Bb4 Qf4+ 22. Bd2 Qe5 0-1

[Event "Politiken Cup 35th"]
[Site "Helsingor"]
[Date "2013.08.04"]
[Round "10"]
[White "Marthedal, Anton Mehmet Yildiz"]
[Black "Willumsen, Henrik"]
[Result "1-0"]
[WhiteElo "1644"]
[BlackElo "2127"]
[PlyCount "81"]
[EventDate "2013.07.27"]
[EventType "swiss"]
[EventRounds "10"]
[EventCountry "DEN"]
[SourceTitle "CBM 155 Extra"]
[Source "ChessBase"]
[SourceDate "2013.08.26"]
[SourceVersion "1"]
[SourceVersionDate "2013.08.26"]
[SourceQuality "1"]

1. c4 g6 2. Nc3 Bg7 3. g3 d6 4. Bg2 Nc6 5. Nf3 e5 6. 0-0 Nh6 7. d3 Nf5 8. Rb1 h5 9. h3 Ncd4 10. Nd2 c6 11. b4 Bd7 12. Bb2 Qe7 13. e3 Ne6 14. Qb3 Bh6 15. Nde4 Kf8 16. Kh2 Kg7 17. Rbe1 f6 18. a4 Ng5 19. b5 Be6 20. Nxg5 Bxg5 21. bxc6 bxc6 22. Bxc6 Rab8 23. Qc2 h4 24. g4 Ng3 25. fxg3 hxg3+ 26. Kg2 Bxg4 27. Rh1 Bxh3+ 28. Rxh3 Rbc8 29. Rxh8 Rxh8 30. Rh1 f5 31. Rxh8 Kxh8 32. Qb3 Qf8 33. Bd5 Bxe3 34. Qb7 Qh6 35. Qc8+ Kg7 36. Qd7+ Kf6 37. Qd8+ Kg7 38. Qe7+ Kh8 39. Qe8+ Kg7 40. Qf7+ Kh8 41. Qg8# 1-0

[Event "Politiken Cup 35th"]
[Site "Helsingor"]
[Date "2013.08.01"]
[Round "7"]
[White "Willumsen, Henrik"]
[Black "Roggensack, Hans Peter"]
[Result "0-1"]
[WhiteElo "2127"]
[BlackElo "1950"]
[PlyCount "102"]
[EventDate "2013.07.27"]
[EventType "swiss"]
[EventRounds "10"]
[EventCountry "DEN"]
[SourceTitle "CBM 155 Extra"]
[Source "ChessBase"]
[SourceDate "2013.08.26"]
[SourceVersion "1"]
[SourceVersionDate "2013.08.26"]
[SourceQuality "1"]

1. e4 e5 2. Nf3 Nf6 3. Nxe5 d6 4. Nf3 Nxe4 5. d4 d5 6. Bd3 Nc6 7. 0-0 Be7 8. c4 Nb4 9. cxd5 Nxd3 10. Qxd3 Qxd5 11. Re1 Bf5 12. Ne5 Nd6 13. Nc3 Qe6 14. Qf1 0-0 15. Bf4 Bd8 16. Re3 Qc8 17. Rae1 a6 18. d5 Bf6 19. Nc4 Qd7 20. Bxd6 cxd6 21. Nb6 Qd8 22. Nxa8 Qxa8 23. Qc4 Qd8 24. Ne4 Be5 25. Ng3 Bd7 26. f4 b5 27. Qd3 Bxf4 28. Rf3 Be5 29. Nf5 Bxb2 30. Rh3 g6 31. Ne7+ Kg7 32. Qd2 Be5 33. Qh6+ Kf6 34. Qh4+ g5 35. Qf2+ Kxe7 36. Rxe5+ dxe5 37. Qc5+ Ke8 38. Rxh7 Qc8 39. Qe3 Qc7 40. Rh6 f6 41. h4 gxh4 42. Rh7 Qc4 43. Qh6 Qd4+ 44. Kh1 Qxd5 45. Qxh4 Qd1+ 46. Kh2 Qg4 47. Qe1 Rg8 48. g3 Qf3 49. Rh6 Bc6 50. Kh3 Qg2+ 51. Kh4 Qh2# 0-1

[Event "Politiken Cup 35th"]
[Site "Helsingor"]
[Date "2013.07.31"]
[Round "6"]
[White "Satre, Roger"]
[Black "Willumsen, Henrik"]
[Result "0-1"]
[WhiteElo "1833"]
[BlackElo "2127"]
[PlyCount "64"]
[EventDate "2013.07.27"]
[EventType "swiss"]
[EventRounds "10"]
[EventCountry "DEN"]
[SourceTitle "CBM 155 Extra"]
[Source "ChessBase"]
[SourceDate "2013.08.26"]
[SourceVersion "1"]
[SourceVersionDate "2013.08.26"]
[SourceQuality "1"]

1. e4 e6 2. d4 d5 3. Nd2 Nf6 4. e5 Nfd7 5. Bd3 c5 6. c3 Nc6 7. Ne2 cxd4 8. cxd4 f6 9. exf6 Nxf6 10. Nf3 Bd6 11. 0-0 Qc7 12. g3 0-0 13. Bf4 Ne4 14. Kg2 Bxf4 15. Nxf4 g5 16. Bxe4 gxf4 17. Bd3 e5 18. dxe5 Nxe5 19. Rc1 Qg7 20. Nxe5 Qxe5 21. Re1 Qg7 22. Be2 d4 23. Bf3 Bf5 24. Qb3+ Kh8 25. Qxb7 Qh6 26. g4 d3 27. Rc5 d2 28. Rd1 Bxg4 29. Bxg4 f3+ 30. Bxf3 Rg8+ 31. Kf1 Rae8 32. Qb4 Qh3+ 0-1

[Event "Politiken Cup 35th"]
[Site "Helsingor"]
[Date "2013.07.29"]
[Round "4"]
[White "Nilsen, Martin"]
[Black "Willumsen, Henrik"]
[Result "1-0"]
[WhiteElo "1820"]
[BlackElo "2127"]
[PlyCount "59"]
[EventDate "2013.07.27"]
[EventType "swiss"]
[EventRounds "10"]
[EventCountry "DEN"]
[SourceTitle "CBM 155 Extra"]
[Source "ChessBase"]
[SourceDate "2013.08.26"]
[SourceVersion "1"]
[SourceVersionDate "2013.08.26"]
[SourceQuality "1"]

1. e4 c5 2. c3 Nf6 3. e5 Nd5 4. Nf3 Nc6 5. d4 cxd4 6. Bc4 Nb6 7. Bb3 d5 8. exd6 Qxd6 9. cxd4 Bf5 10. Nc3 e6 11. Nb5 Qb4+ 12. Nc3 Rd8 13. a3 Qd6 14. Nb5 Qb8 15. g3 Bd6 16. d5 a6 17. Nxd6+ Qxd6 18. Bf4 e5 19. dxc6 Qxc6 20. Bxf7+ Kxf7 21. Nxe5+ Kf6 22. Nxc6 Rxd1+ 23. Rxd1 bxc6 24. Rd6+ Kf7 25. Rxc6 Be4 26. Rc7+ Kf6 27. f3 Bxf3 28. 0-0 Be2 29. Rf2 Nd5 30. Rc6+ 1-0

[Event "Politiken Cup 35th"]
[Site "Helsingor"]
[Date "2013.07.28"]
[Round "2"]
[White "Bulski, Krzysztof"]
[Black "Willumsen, Henrik"]
[Result "1-0"]
[WhiteElo "2534"]
[BlackElo "2127"]
[PlyCount "57"]
[EventDate "2013.07.27"]
[EventType "swiss"]
[EventRounds "10"]
[EventCountry "DEN"]
[SourceTitle "CBM 155 Extra"]
[Source "ChessBase"]
[SourceDate "2013.08.26"]
[SourceVersion "1"]
[SourceVersionDate "2013.08.26"]
[SourceQuality "1"]

1. d4 d5 2. c4 c6 3. Nf3 Nf6 4. e3 e6 5. Nbd2 c5 6. cxd5 exd5 7. b3 Nc6 8. Bb2 Bg4 9. Be2 Bxf3 10. Nxf3 cxd4 11. Nxd4 Bb4+ 12. Kf1 Ne4 13. Nxc6 bxc6 14. g3 Qg5 15. Kg2 0-0 16. Rc1 Rae8 17. Bf3 Nxf2 18. Kxf2 Qxe3+ 19. Kg2 c5 20. Qf1 d4 21. a3 Bc3 22. Bxc3 dxc3 23. Re1 Qxe1 24. Qxe1 Rxe1 25. Rxe1 c2 26. Rc1 Rb8 27. Rxc2 Rxb3 28. Rxc5 Kf8 29. Ra5 1-0

[Event "DEN-ch G7-1"]
[Site "Helsingor"]
[Date "2012.04.05"]
[Round "3"]
[White "Vesterli, Michael"]
[Black "Willumsen, Henrik"]
[Result "0-1"]
[WhiteElo "1984"]
[BlackElo "2197"]
[PlyCount "64"]
[EventDate "2012.04.03"]
[EventType "swiss"]
[EventRounds "7"]
[EventCountry "DEN"]
[SourceTitle "EXT 2018"]
[Source "ChessBase"]
[SourceDate "2017.10.13"]
[SourceVersion "1"]
[SourceVersionDate "2017.10.13"]
[SourceQuality "1"]

1. d4 Nf6 2. c4 g6 3. Nc3 Bg7 4. e4 d6 5. Nf3 0-0 6. Be2 e5 7. Be3 h6 8. Nd2 exd4 9. Bxd4 Nc6 10. Be3 Re8 11. f3 Ne5 12. 0-0 c6 13. Qb3 Be6 14. Qxb7 Rb8 15. Qxa7 Rxb2 16. Rab1 Rc2 17. Qa3 Nfg4 18. fxg4 Rxc3 19. Qa7 c5 20. Rb3 Rxe3 21. Rxe3 Nc6 22. Qa4 Bd4 23. Qb3 Qg5 24. Rff3 Rb8 25. Qa3 Ne5 26. Rg3 Rb2 27. Kf1 Rxd2 28. Qa8+ Kg7 29. h4 Qf4+ 30. Ref3 Nxf3 31. Rxf3 Qh2 32. Ke1 Rxe2+ 0-1

[Event "Politiken Cup 33rd"]
[Site "Helsingor"]
[Date "2011.08.04"]
[Round "7"]
[White "Andersen, Rune Egede"]
[Black "Willumsen, Henrik"]
[Result "0-1"]
[WhiteElo "2078"]
[BlackElo "2194"]
[PlyCount "80"]
[EventDate "2011.07.30"]
[EventType "swiss"]
[EventRounds "10"]
[EventCountry "DEN"]
[SourceTitle "CBM 143 Extra"]
[Source "ChessBase"]
[SourceDate "2011.08.29"]
[SourceVersion "1"]
[SourceVersionDate "2011.08.29"]
[SourceQuality "1"]

1. e4 c5 2. c3 Nf6 3. e5 Nd5 4. d4 cxd4 5. Nf3 Nc6 6. cxd4 d6 7. Bc4 Nb6 8. Bb3 d5 9. Nh4 e6 10. Nf3 Be7 11. 0-0 Bd7 12. Nc3 a5 13. a4 Nb4 14. Ne1 0-0 15. Nc2 f5 16. f4 Nc4 17. Bxc4 dxc4 18. d5 Nxc2 19. Qxc2 Bc5+ 20. Kh1 exd5 21. Nxd5 Bc6 22. Ne3 Bxe3 23. Bxe3 Qd3 24. Qf2 Rfe8 25. Rfd1 Qb3 26. Rdc1 Rad8 27. h3 Qd3 28. Ra3 Qe4 29. Bb6 Rd3 30. Re1 Qd5 31. Re3 Re6 32. Rg3 Rd1+ 33. Kh2 Rd2 34. Qf1 Rxb2 35. Bc7 Rb3 36. Raxb3 cxb3 37. Qb1 Rg6 38. Rxg6 hxg6 39. Qb2 Qxg2+ 40. Qxg2 Bxg2 0-1

[Event "Politiken Cup 33rd"]
[Site "Helsingor"]
[Date "2011.08.02"]
[Round "5"]
[White "Korley, Kassa"]
[Black "Willumsen, Henrik"]
[Result "1/2-1/2"]
[WhiteElo "2326"]
[BlackElo "2194"]
[PlyCount "72"]
[EventDate "2011.07.30"]
[EventType "swiss"]
[EventRounds "10"]
[EventCountry "DEN"]
[SourceTitle "CBM 143 Extra"]
[Source "ChessBase"]
[SourceDate "2011.08.29"]
[SourceVersion "1"]
[SourceVersionDate "2011.08.29"]
[SourceQuality "1"]

1. e4 e6 2. d4 d5 3. Nd2 Nf6 4. e5 Nfd7 5. Bd3 c5 6. c3 Nc6 7. Ne2 cxd4 8. cxd4 f6 9. exf6 Nxf6 10. Nf3 Bd6 11. 0-0 Qc7 12. Nc3 a6 13. Be3 0-0 14. Rc1 Bd7 15. Na4 Be8 16. Ng5 Qe7 17. Nc5 Bxc5 18. Rxc5 h6 19. Nh3 Rd8 20. Re1 Ne4 21. Rc1 e5 22. dxe5 Nxe5 23. f3 Qh4 24. Bf1 Bh5 25. Be2 Bxf3 26. Bxf3 Nxf3+ 27. gxf3 Qxh3 28. fxe4 d4 29. Qb3+ Kh8 30. Bf2 d3 31. Re3 Qg4+ 32. Bg3 Qg5 33. Qb6 Rd6 34. Qxd6 Qxe3+ 35. Kg2 Qxe4+ 36. Kg1 Qe3+ 1/2-1/2

[Event "Politiken Cup 33rd"]
[Site "Helsingor"]
[Date "2011.07.31"]
[Round "2"]
[White "Willumsen, Henrik"]
[Black "Rosell, Sven"]
[Result "1-0"]
[WhiteElo "2194"]
[BlackElo "1979"]
[PlyCount "55"]
[EventDate "2011.07.30"]
[EventType "swiss"]
[EventRounds "10"]
[EventCountry "DEN"]
[SourceTitle "CBM 143 Extra"]
[Source "ChessBase"]
[SourceDate "2011.08.29"]
[SourceVersion "1"]
[SourceVersionDate "2011.08.29"]
[SourceQuality "1"]

1. e4 c6 2. d4 d5 3. Nd2 dxe4 4. Nxe4 Nf6 5. Nxf6+ gxf6 6. Be2 Bf5 7. Nf3 Rg8 8. Bf4 e6 9. 0-0 Bd6 10. Bg3 Qc7 11. c4 Bxg3 12. hxg3 Nd7 13. d5 c5 14. Qa4 Kf8 15. Rfe1 Nb6 16. Qb3 e5 17. a4 Rd8 18. Nh4 Bg6 19. Bg4 Nc8 20. Qf3 Qd6 21. Bxc8 Rxc8 22. Nf5 Bxf5 23. Qxf5 Re8 24. Qxh7 Rg6 25. Ra3 Rg7 26. Qh8+ Rg8 27. Qh6+ Rg7 28. Re4 1-0

[Event "DEN-chT 1011 49th"]
[Site "Denmark"]
[Date "2011.02.20"]
[Round "7.5"]
[White "Willumsen, Henrik"]
[Black "Aabling Thomsen, Jakob"]
[Result "0-1"]
[WhiteElo "2173"]
[BlackElo "2330"]
[PlyCount "62"]
[EventDate "2010.11.06"]
[EventType "team-tourn"]
[EventRounds "9"]
[EventCountry "DEN"]
[SourceTitle "EXT 2012"]
[Source "ChessBase"]
[SourceDate "2011.11.24"]
[SourceVersion "1"]
[SourceVersionDate "2011.11.24"]
[SourceQuality "1"]
[WhiteTeam "Norresundby"]
[BlackTeam "Bronshoj"]
[WhiteTeamCountry "DEN"]
[BlackTeamCountry "DEN"]

1. e4 d6 2. d4 Nf6 3. Nc3 Nbd7 4. Nf3 e5 5. Bc4 Be7 6. 0-0 h6 7. Nh4 c6 8. Nf5 Nb6 9. Qd3 Nxc4 10. Qxc4 d5 11. exd5 Bxf5 12. dxc6 bxc6 13. dxe5 Nd7 14. Qxc6 0-0 15. Re1 Bb4 16. Bd2 Qb6 17. Qf3 Bxc3 18. Bxc3 Bxc2 19. Qg4 Qe6 20. Qg3 Rfe8 21. Rac1 Bf5 22. Rcd1 Qg6 23. Qe3 Nb6 24. f3 Rad8 25. Qc5 Bh3 26. g3 Qc2 27. Qf2 Qxd1 28. Rxd1 Rxd1+ 29. Be1 Rxe5 30. Qc2 Rdxe1+ 31. Kf2 Rf1# 0-1

[Event "DEN-chT 1011 49th"]
[Site "Denmark"]
[Date "2011.01.16"]
[Round "5.5"]
[White "Willumsen, Henrik"]
[Black "Lindfeldt, Jan Magnus"]
[Result "0-1"]
[WhiteElo "2173"]
[BlackElo "2225"]
[PlyCount "70"]
[EventDate "2010.11.06"]
[EventType "team-tourn"]
[EventRounds "9"]
[EventCountry "DEN"]
[SourceTitle "EXT 2012"]
[Source "ChessBase"]
[SourceDate "2011.11.24"]
[SourceVersion "1"]
[SourceVersionDate "2011.11.24"]
[SourceQuality "1"]
[WhiteTeam "Norresundby"]
[BlackTeam "Copenhagen 68"]
[WhiteTeamCountry "DEN"]
[BlackTeamCountry "DEN"]

1. e4 e5 2. Nf3 Nc6 3. Bb5 a6 4. Ba4 Nf6 5. 0-0 Be7 6. Re1 b5 7. Bb3 d6 8. c3 0-0 9. d3 Na5 10. Bc2 c5 11. Nbd2 Nc6 12. Nf1 d5 13. exd5 Qxd5 14. Ne3 Qd6 15. a4 Rb8 16. axb5 axb5 17. Qe2 h6 18. h3 Qc7 19. Bb3 Rd8 20. Nh4 Bf8 21. Ng4 Nxg4 22. hxg4 Qd7 23. Qf3 Bb7 24. Re4 Ra8 25. Rxa8 Rxa8 26. Kh2 Ra1 27. Be3 Na5 28. Bc2 Bxe4 29. dxe4 g6 30. b4 cxb4 31. cxb4 Nc4 32. Bb3 Be7 33. Bxh6 Bxh4 34. g5 Qd2 35. g3 Bxg5 0-1

[Event "DEN-chT 1011 49th"]
[Site "Denmark"]
[Date "2010.12.05"]
[Round "3.5"]
[White "Hagen, Andreas Skytte"]
[Black "Willumsen, Henrik"]
[Result "0-1"]
[WhiteElo "2290"]
[BlackElo "2173"]
[PlyCount "56"]
[EventDate "2010.11.06"]
[EventType "team-tourn"]
[EventRounds "9"]
[EventCountry "DEN"]
[SourceTitle "EXT 2012"]
[Source "ChessBase"]
[SourceDate "2011.11.24"]
[SourceVersion "1"]
[SourceVersionDate "2011.11.24"]
[SourceQuality "1"]
[WhiteTeam "Valby K41"]
[BlackTeam "Norresundby"]
[WhiteTeamCountry "DEN"]
[BlackTeamCountry "DEN"]

1. d4 d5 2. c4 c6 3. Nf3 Nf6 4. e3 e6 5. b3 Ne4 6. Bb2 Bb4+ 7. Nbd2 Qf6 8. Qe2 dxc4 9. bxc4 Qf5 10. a3 Ba5 11. Rc1 Nd7 12. g3 Ndf6 13. Bg2 Qh5 14. h3 0-0 15. g4 Qg6 16. 0-0 Nxd2 17. Nxd2 h5 18. gxh5 Nxh5 19. Kh1 e5 20. Nb3 Bc7 21. dxe5 Qh6 22. Qf3 f6 23. e6 Bxe6 24. Nd4 Bd7 25. Rg1 Ng3+ 26. fxg3 Bxh3 27. Qf2 Bf5+ 28. Bh3 Qxh3+ 0-1

[Event "Politiken Cup 32nd"]
[Site "Copenhagen"]
[Date "2010.08.08"]
[Round "10"]
[White "Willumsen, Henrik"]
[Black "Spiess, Thomas"]
[Result "1-0"]
[WhiteElo "2165"]
[BlackElo "1979"]
[PlyCount "70"]
[EventDate "2010.07.31"]
[EventType "swiss"]
[EventRounds "10"]
[EventCountry "DEN"]
[SourceTitle "CBM 137 Extra"]
[Source "ChessBase"]
[SourceDate "2010.09.01"]
[SourceVersion "1"]
[SourceVersionDate "2010.09.01"]
[SourceQuality "1"]

1. e4 c5 2. Nf3 Nc6 3. Bb5 e6 4. 0-0 Nge7 5. Re1 a6 6. Bf1 d5 7. exd5 Qxd5 8. Nc3 Qd8 9. d3 Nf5 10. g3 Be7 11. Bg2 0-0 12. Ne4 Bd7 13. c3 b6 14. Bf4 Ra7 15. Qe2 Be8 16. Rad1 h6 17. h4 Nd6 18. Nh2 e5 19. Nxd6 Bxd6 20. Bc1 f5 21. Nf1 Qf6 22. Ne3 Ne7 23. Nc4 Bc7 24. Nxe5 Bb5 25. Nc4 Bd8 26. Qe6+ Kh7 27. Bf4 Ng6 28. Bd6 Bxc4 29. dxc4 Qxe6 30. Rxe6 Rff7 31. h5 Nh8 32. Bc6 f4 33. Bxf4 Bg5 34. Be4+ Kg8 35. Bxg5 hxg5 1-0

[Event "Politiken Cup 32nd"]
[Site "Copenhagen"]
[Date "2010.08.07"]
[Round "9"]
[White "Zachariassen, John"]
[Black "Willumsen, Henrik"]
[Result "0-1"]
[WhiteElo "1970"]
[BlackElo "2165"]
[PlyCount "60"]
[EventDate "2010.07.31"]
[EventType "swiss"]
[EventRounds "10"]
[EventCountry "DEN"]
[SourceTitle "CBM 137 Extra"]
[Source "ChessBase"]
[SourceDate "2010.09.01"]
[SourceVersion "1"]
[SourceVersionDate "2010.09.01"]
[SourceQuality "1"]

1. d3 e5 2. Nf3 Nc6 3. Nbd2 d6 4. e4 Be7 5. Be2 Be6 6. c3 Qd7 7. d4 exd4 8. cxd4 d5 9. Bb5 dxe4 10. Ne5 Qd5 11. Qa4 Bd7 12. Nxd7 Qxd7 13. Nxe4 0-0-0 14. Be3 Bb4+ 15. Kf1 Nge7 16. Rc1 Qd5 17. Nc5 Bxc5 18. Rxc5 Qe4 19. d5 Qxa4 20. Bxa4 Nxd5 21. Bxc6 Nxe3+ 22. Ke2 Ng4 23. Be4 Rde8 24. f3 g6 25. Rhc1 c6 26. Kf1 Ne5 27. f4 Nd7 28. R5c4 Nb6 29. Rb4 Kc7 30. Rc2 a5 0-1

[Event "Politiken Cup 32nd"]
[Site "Copenhagen"]
[Date "2010.08.02"]
[Round "4"]
[White "Willumsen, Henrik"]
[Black "Skjoldager, Flemming"]
[Result "1/2-1/2"]
[WhiteElo "2165"]
[BlackElo "2006"]
[PlyCount "86"]
[EventDate "2010.07.31"]
[EventType "swiss"]
[EventRounds "10"]
[EventCountry "DEN"]
[SourceTitle "CBM 137 Extra"]
[Source "ChessBase"]
[SourceDate "2010.09.01"]
[SourceVersion "1"]
[SourceVersionDate "2010.09.01"]
[SourceQuality "1"]

1. e4 c5 2. Nf3 d6 3. d4 cxd4 4. Nxd4 Nf6 5. Nc3 g6 6. Be3 Bg7 7. f3 0-0 8. Qd2 Nc6 9. 0-0-0 Nxd4 10. Bxd4 Be6 11. Kb1 Qc7 12. h4 Rfc8 13. h5 Qa5 14. a3 Rab8 15. hxg6 hxg6 16. Bd3 b5 17. Qg5 Rxc3 18. Bxc3 Qa4 19. e5 Nd5 20. Bd2 b4 21. Rh4 Qa5 22. Bxb4 Nxb4 23. Rxb4 Rxb4 24. axb4 Qa2+ 25. Kc1 Qa1+ 26. Kd2 Qxb2 27. Qxe7 Bh6+ 28. Ke2 Qxe5+ 29. Kf1 Qd4 30. b5 Be3 31. Be2 Bd2 32. Qc7 Qf4 33. Qxa7 Be3 34. Qa8+ Kg7 35. Qe4 Qh6 36. Ke1 Qh1+ 37. Bf1 Qg1 38. Qh4 Bc4 39. Rd3 Bxb5 40. Ke2 Bxd3+ 41. cxd3 Bc5 42. Qe1 Qe3+ 43. Kd1 Qxe1+ 1/2-1/2

[Event "Baltic Sea Cup"]
[Site "Ronne"]
[Date "2007.08.03"]
[Round "7.26"]
[White "Maas, Thomas"]
[Black "Willumsen, Henrik"]
[Result "0-1"]
[WhiteElo "2071"]
[BlackElo "2215"]
[PlyCount "50"]
[EventDate "2007.07.30"]
[EventType "swiss"]
[EventRounds "9"]
[EventCountry "DEN"]
[SourceTitle "EXT 2023"]
[Source "ChessBase"]
[SourceDate "2022.10.05"]
[SourceVersion "1"]
[SourceVersionDate "2022.10.05"]
[SourceQuality "1"]

1. e4 e6 2. d4 d5 3. Nd2 Nf6 4. e5 Nfd7 5. f4 c5 6. c3 Nc6 7. Ndf3 Qb6 8. a3 cxd4 9. cxd4 Be7 10. b4 f5 11. Ne2 0-0 12. Ng5 Bxg5 13. fxg5 a6 14. Qd3 Qa7 15. Be3 Nb6 16. Rd1 Nc4 17. Bc1 f4 18. Nxf4 Nb2 19. Bxb2 Rxf4 20. Rd2 Bd7 21. g3 Rf7 22. g6 hxg6 23. Bh3 Raf8 24. Rf1 Rxf1+ 25. Bxf1 Nxe5 0-1

[Event "Baltic Sea Cup"]
[Site "Ronne"]
[Date "2007.08.01"]
[Round "4.28"]
[White "Willumsen, Henrik"]
[Black "Simonsen, Per"]
[Result "1-0"]
[WhiteElo "2215"]
[BlackElo "2023"]
[PlyCount "44"]
[EventDate "2007.07.30"]
[EventType "swiss"]
[EventRounds "9"]
[EventCountry "DEN"]
[SourceTitle "EXT 2023"]
[Source "ChessBase"]
[SourceDate "2022.10.05"]
[SourceVersion "1"]
[SourceVersionDate "2022.10.05"]
[SourceQuality "1"]

1. e4 c5 2. Nf3 d6 3. d4 cxd4 4. Nxd4 Nf6 5. Nc3 Nc6 6. Bc4 Bd7 7. Bb3 g6 8. Be3 Bg7 9. f3 0-0 10. Qe2 a6 11. 0-0-0 Qa5 12. g4 Rac8 13. h4 Ne5 14. h5 g5 15. h6 Bh8 16. Nf5 Ng6 17. Nd5 Nxd5 18. Rxd5 Qc7 19. Nxe7+ Nxe7 20. Rxg5+ Ng6 21. Rxg6+ hxg6 22. h7+ Kg7 1-0

[Event "DEN-chT 0607"]
[Site "Denmark"]
[Date "2007.03.04"]
[Round "7.2"]
[White "Willumsen, Henrik"]
[Black "Pedersen, Erik"]
[Result "0-1"]
[WhiteElo "2138"]
[BlackElo "2420"]
[PlyCount "96"]
[EventDate "2006.11.04"]
[EventType "team-tourn"]
[EventRounds "9"]
[EventCountry "DEN"]
[SourceTitle "EXT 2023"]
[Source "ChessBase"]
[SourceDate "2022.10.05"]
[SourceVersion "1"]
[SourceVersionDate "2022.10.05"]
[SourceQuality "1"]
[WhiteTeam "Norresundby"]
[BlackTeam "Aalborg"]
[WhiteTeamCountry "DEN"]
[BlackTeamCountry "DEN"]

1. e4 c5 2. Nf3 a6 3. c4 Nc6 4. d4 cxd4 5. Nxd4 e5 6. Nf5 d6 7. Nc3 g6 8. Ne3 Bg7 9. Ned5 Nge7 10. Bg5 h6 11. Be3 Nxd5 12. cxd5 Nd4 13. Bd3 0-0 14. Qd2 Kh7 15. 0-0 f5 16. exf5 Bxf5 17. Bxd4 Bxd3 18. Qxd3 exd4 19. Ne2 Qg5 20. Nxd4 Qxd5 21. Rfd1 Rac8 22. Qd2 Qxd4 23. Qxd4 Bxd4 24. Rxd4 Rc2 25. f3 Re8 26. Rxd6 Ree2 27. Rd7+ Kg8 28. Rxb7 Rxg2+ 29. Kf1 Rxh2 30. Kg1 Rcg2+ 31. Kf1 Rxb2 32. Rxb2 Rxb2 33. a4 Rb4 34. Kf2 a5 35. Kg3 g5 36. Rc1 Rxa4 37. Rc7 Rf4 38. Ra7 a4 39. Kg2 Kf8 40. Kg3 Rh4 41. Rh7 Ke8 42. Kf2 Kd8 43. Ke3 Kc8 44. Kd3 Kb8 45. Kc2 Rc4+ 46. Kb2 Rc6 47. Ka3 Ra6 48. Rg7 Kc8 0-1

[Event "DEN-chT 0607"]
[Site "Denmark"]
[Date "2007.01.13"]
[Round "4.3"]
[White "Nielsen, Nicholas"]
[Black "Willumsen, Henrik"]
[Result "1-0"]
[WhiteElo "2158"]
[BlackElo "2138"]
[PlyCount "61"]
[EventDate "2006.11.04"]
[EventType "team-tourn"]
[EventRounds "9"]
[EventCountry "DEN"]
[SourceTitle "EXT 2023"]
[Source "ChessBase"]
[SourceDate "2022.10.05"]
[SourceVersion "1"]
[SourceVersionDate "2022.10.05"]
[SourceQuality "1"]
[WhiteTeam "Helsingor"]
[BlackTeam "Norresundby"]
[WhiteTeamCountry "DEN"]
[BlackTeamCountry "DEN"]

1. e4 c5 2. Nf3 d6 3. d4 cxd4 4. Nxd4 Nf6 5. Nc3 g6 6. Be3 Bg7 7. f3 0-0 8. Qd2 Nc6 9. Bc4 Bd7 10. 0-0-0 Ne5 11. Bb3 Rc8 12. h4 h5 13. Bh6 Bxh6 14. Qxh6 Rxc3 15. bxc3 Qc7 16. Qe3 a5 17. a4 Bxa4 18. Bxa4 Qc5 19. c4 Nxc4 20. Qb3 b5 21. Bxb5 Nb6 22. Rd3 e5 23. Ne2 a4 24. Bxa4 Ra8 25. Nc3 Nc4 26. Rhd1 Ra6 27. Nb5 Nb6 28. Rc3 Qf2 29. Nxd6 Nfd5 30. Rxd5 Rxa4 31. Rd1 1-0

[Event "Politiken Cup 28th"]
[Site "Copenhagen"]
[Date "2006.07.30"]
[Round "9"]
[White "Jaeger, Frode Bull"]
[Black "Willumsen, Henrik"]
[Result "0-1"]
[WhiteElo "2104"]
[BlackElo "2227"]
[PlyCount "60"]
[EventDate "2006.07.22"]
[EventType "swiss"]
[EventRounds "9"]
[EventCountry "DEN"]
[SourceTitle "CBM 113 Extra"]
[Source "ChessBase"]
[SourceDate "2006.09.14"]
[SourceVersion "1"]
[SourceVersionDate "2006.09.14"]
[SourceQuality "1"]

1. d4 d5 2. c4 c6 3. Nc3 Nf6 4. Nf3 e6 5. Bg5 dxc4 6. e4 b5 7. e5 h6 8. Bh4 g5 9. Nxg5 hxg5 10. Bxg5 Nbd7 11. exf6 Bb7 12. g3 c5 13. d5 Qb6 14. Bg2 0-0-0 15. 0-0 b4 16. Rb1 Qa6 17. dxe6 Bxg2 18. e7 Ba8 19. Re1 Bh6 20. Bxh6 bxc3 21. exd8Q+ Rxd8 22. bxc3 Qc6 23. f3 Nxf6 24. Rb8+ Kxb8 25. Qxd8+ Kb7 26. Bg7 Nd5 27. Re8 Nb6 28. Re7+ Ka6 29. Qb8 Nd7 30. Rxf7 Nxb8 0-1